Functional analysis (Record no. 8383)

MARC details
000 -LEADER
fixed length control field 00614cam a2200229 a 4500
001 - CONTROL NUMBER
control field 2943618
003 - CONTROL NUMBER IDENTIFIER
control field OSt
005 - DATE AND TIME OF LATEST TRANSACTION
control field 20240611130512.0
008 - FIXED-LENGTH DATA ELEMENTS--GENERAL INFORMATION
fixed length control field 900227r19901955nyu b 001 0 eng
010 ## - LIBRARY OF CONGRESS CONTROL NUMBER
LC control number 90033977
020 ## - INTERNATIONAL STANDARD BOOK NUMBER
International Standard Book Number 0486662896
040 ## - CATALOGING SOURCE
Original cataloging agency DDC
Transcribing agency MUST
082 00 - DEWEY DECIMAL CLASSIFICATION NUMBER
Classification number 515.7
Edition number 2nd
100 1# - MAIN ENTRY--PERSONAL NAME
Personal name Riesz, Frigyes,
9 (RLIN) 17048
245 10 - TITLE STATEMENT
Title Functional analysis
250 ## - EDITION STATEMENT
Edition statement 2nd
260 ## - PUBLICATION, DISTRIBUTION, ETC. (IMPRINT)
Place of publication, distribution, etc. New York :
Name of publisher, distributor, etc. Dover Publications,
Date of publication, distribution, etc. 1990.
300 ## - PHYSICAL DESCRIPTION
Extent xii, 504 p. ;
Dimensions 21 cm.
504 ## - BIBLIOGRAPHY, ETC. NOTE
Bibliography, etc Includes bibliographical references (p. 491) and index.
650 #0 - SUBJECT ADDED ENTRY--TOPICAL TERM
Topical term or geographic name as entry element Functional analysis.
9 (RLIN) 5452
942 ## - ADDED ENTRY ELEMENTS (KOHA)
Source of classification or shelving scheme Dewey Decimal Classification
Koha item type Open Shelf
Holdings
Withdrawn status Lost status Source of classification or shelving scheme Damaged status Not for loan Home library Current library Source of acquisition Inventory number Total Checkouts Full call number Barcode Date last seen Koha item type
    Dewey Decimal Classification     MUST Main Library MUST Main Library Purchase 04/22709   515.7 2024-20282 11/06/2024 Open Shelf
    Dewey Decimal Classification     MUST Main Library MUST Main Library Purchase 04/22710   515.7 2024-20283 11/06/2024 Open Shelf
    Dewey Decimal Classification     MUST Main Library MUST Main Library Purchase 06/28148   515.7 2024-20284 11/06/2024 Open Shelf
    Dewey Decimal Classification     MUST Main Library MUST Main Library Purchase 06/28147   515.7 2024-20484 14/06/2024 Open Shelf